[Event "Altensteig"]
[Site "Altensteig"]
[Date "1987.??.??"]
[Round "?"]
[White "Schulz, Klaus Juergen"]
[Black "Ftacnik, Lubomir"]
[Result "0-1"]
[WhiteElo "2440"]
[BlackElo "2545"]
[PlyCount "70"]
[EventDate "1987.06.??"]
[Source "ChessBase"]

1. d4 Nf6 2. c4 g6 3. Nc3 d5 4. g3 dxc4 5. Qa4+ Nfd7 6. Bf4 c6 7. Qxc4 Nb6 8. Qd3 Bg7 9. Nf3 O-O 10. Bg2 Na6 11. Rd1 c5 12. d5 Nb4 13. Qb1 Nc4 14. O-O Qa5 15. Nd2 Nxd2 16. Rxd2 Bf5 17. e4 Bd7 18. a3 Na6 19. e5 Rad8 20. Qe4 b5 21. Qe3 b4 22. axb4 Nxb4 23. Bh6 Bf5 24. Bxg7 Kxg7 25. d6 exd6 26. Rxd6 Rfe8 27. Rxd8 Rxd8 28. Be4 Bh3 29. Re1 Rd4 30. Bg2 Bxg2 31. e6 Nc2 32. Qe5+ f6 33. e7 fxe5 34. e8=Q Nxe1 35. Qxe5+ Kf7 0-1

[Event "It Open"]
[Site "?"]
[Date "2005.05.03"]
[Round "4"]
[White "Cebalo Miso"]
[Black "Brkic Ante"]
[Result "1/2-1/2"]
[WhiteElo "2507"]
[BlackElo "2477"]
[PlyCount "54"]
[EventDate "2005.??.??"]
[Source "www.chesslib.no"]
[SourceDate "2004.05.04"]

1. d4 Nf6 2. c4 g6 3. Nc3 d5 4. h4 c6 5. cxd5 cxd5 6. Bf4 Bg7 7. e3 O-O 8. Be2 Nc6 9. h5 Qb6 10. hxg6 hxg6 11. a3 Ne4 12. Nf3 Bg4 13. O-O Nxc3 14. bxc3 Na5 15. Qa4 Rfc8 16. Rab1 Qd8 17. Rfc1 e6 18. Rb5 b6 19. Rxa5 bxa5 20. Ba6 Bxf3 21. Bxc8 Rxc8 22. gxf3 Bf8 23. Kg2 Rc4 24. Qb3 a4 25. Qb7 Bxa3 26. Rh1 Bf8 27. Qxa7 Rxc3 1/2-1/2

[Event "Mind Sports Games - Blitz Ind"]
[Site "Pechino CINA"]
[Date "2008.10.04"]
[Round "4"]
[White "Markos, J."]
[Black "Livshits, G."]
[Result "0-1"]
[WhiteElo "2557"]
[BlackElo "2427"]
[PlyCount "74"]
[EventDate "2008.10.04"]
[Source "www.chesslib.no"]
[SourceDate "2004.05.04"]

1. d4 Nf6 2. c4 g6 3. Nc3 d5 4. e3 Bg7 5. b4 O-O 6. Nf3 b6 7. Bb2 c5 8. b5 Bb7 9. Be2 cxd4 10. Nxd4 dxc4 11. Bf3 Qc8 12. O-O e5 13. Bxb7 Qxb7 14. Qf3 Qxf3 15. Nxf3 Nbd7 16. Ba3 Rfe8 17. Rfc1 Rac8 18. Bb4 Nc5 19. Bxc5 Rxc5 20. Rd1 e4 21. Nd4 Nd5 22. Rac1 Nxc3 23. Rxc3 Rd8 24. a4 f5 25. Kf1 Kf7 26. Ke2 Rd7 27. Rcc1 Bxd4 28. Rxd4 Rxd4 29. exd4 Rc8 30. Kd2 Ke6 31. Kc3 Kd5 32. a5 f4 33. Ra1 e3 34. g3 exf2 35. gxf4 Rf8 36. Kd2 Rxf4 37. Ke3 f1=Q 0-1

[Event "Mind Sports Games - Rapid Team"]
[Site "Pechino CINA"]
[Date "2008.10.15"]
[Round "3"]
[White "Sadorra, J."]
[Black "Gopal, G."]
[Result "1-0"]
[WhiteElo "2431"]
[BlackElo "2548"]
[PlyCount "57"]
[EventDate "2008.10.14"]
[Source "www.chesslib.no"]
[SourceDate "2004.05.04"]

1. d4 Nf6 2. c4 g6 3. Nc3 d5 4. h4 c6 5. Nf3 Bg7 6. cxd5 cxd5 7. Bf4 Nc6 8. e3 O-O 9. Ne5 Qb6 10. Qb3 Bf5 11. Be2 h5 12. O-O Rfc8 13. Bg5 Qxb3 14. axb3 e6 15. Nxc6 Rxc6 16. f3 Bc2 17. b4 Bb3 18. b5 Rcc8 19. Ra3 Bc4 20. Bxc4 Rxc4 21. Rfa1 Rac8 22. Rxa7 R4c7 23. b6 Rc6 24. Rxb7 Ne8 25. Bf4 Nd6 26. Bxd6 Rxd6 27. Rc7 Rb8 28. b7 Rb6 29. Rc8+ 1-0

[Event "10. HIT Open A"]
[Site "?"]
[Date "2005.01.29"]
[Round "2"]
[White "Cebalo Miso"]
[Black "Brkic Ante"]
[Result "1-0"]
[WhiteElo "2519"]
[BlackElo "2458"]
[PlyCount "65"]
[EventDate "2005.??.??"]
[Source "www.chesslib.no"]
[SourceDate "2004.05.04"]

1. d4 Nf6 2. c4 g6 3. Nc3 d5 4. h4 c6 5. cxd5 cxd5 6. Bf4 Bg7 7. e3 O-O 8. h5 Nxh5 9. Rxh5 gxh5 10. Qxh5 f5 11. Bd3 e6 12. g4 Nd7 13. gxf5 Nf6 14. Qh2 exf5 15. Nge2 Be6 16. O-O-O Rf7 17. Rg1 Rc8 18. f3 Kh8 19. Kb1 Rc6 20. Rh1 Qg8 21. Nb5 Ne8 22. Nxa7 Rb6 23. Nb5 Bf6 24. Nbc3 Rg7 25. Na4 Rc6 26. Nc5 Bc8 27. Ng3 b6 28. Bb5 bxc5 29. Bxc6 cxd4 30. Bxe8 dxe3 31. Bb5 d4 32. Nh5 Rg2 33. Be5 1-0

[Event "Kecskemet"]
[Site "Kecskemet"]
[Date "1992.??.??"]
[Round "3"]
[White "Schlosser, Philipp"]
[Black "Tolnai, Tibor"]
[Result "0-1"]
[WhiteElo "2485"]
[BlackElo "2490"]
[PlyCount "76"]
[EventDate "1992.04.??"]
[Source "ChessBase"]

1. c4 g6 2. d4 Nf6 3. Nc3 d5 4. Bg5 Ne4 5. Bf4 Nxc3 6. bxc3 Bg7 7. e3 O-O 8. Nf3 c5 9. Be2 Qa5 10. O-O dxc4 11. Bxc4 Qxc3 12. Rc1 Qa3 13. dxc5 Nc6 14. Nd4 Ne5 15. Bb3 Qa6 16. Qc2 Bd7 17. Rfd1 Nc6 18. Bg5 Nxd4 19. exd4 e6 20. d5 exd5 21. Rxd5 Bc6 22. Rd6 Rae8 23. Bc4 Qa3 24. h4 Re5 25. Bf4 Re4 26. Qd2 Rfe8 27. Rd8 Qxc1+ 28. Qxc1 Rxd8 29. Bb3 Rde8 30. Be3 Bh6 31. Qc3 Bxe3 32. fxe3 R8e5 33. h5 Rxe3 34. Qd4 Re1+ 35. Kh2 Rxh5+ 36. Kg3 Rg5+ 37. Kf2 Ree5 38. g4 Bd5 0-1

[Event "Torneo GM"]
[Site "Marianske Lazne CEC"]
[Date "2009.01.18"]
[Round "2"]
[White "Heberla, Bartlomiej"]
[Black "Roganovic, Milos"]
[Result "1-0"]
[WhiteElo "2500"]
[BlackElo "2475"]
[PlyCount "93"]
[EventDate "2009.01.17"]
[Source "www.chesslib.no"]
[SourceDate "2004.05.04"]

1. c4 Nf6 2. Nc3 d5 3. d4 g6 4. Bg5 Ne4 5. Nxe4 dxe4 6. Qd2 Bg7 7. e3 c5 8. Ne2 h6 9. Bh4 f5 10. d5 O-O 11. Nc3 Nd7 12. Be2 Nf6 13. f3 e6 14. fxe4 g5 15. Bg3 Nxe4 16. Nxe4 fxe4 17. O-O-O Qb6 18. d6 Bd7 19. h4 Qa6 20. Kb1 g4 21. h5 Bf6 22. Rdf1 b5 23. Bh4 Bg7 24. Rxf8+ Rxf8 25. cxb5 Qb7 26. Bc4 Rb8 27. b3 Kh7 28. Qe2 Bxb5 29. Bxb5 Qd5 30. Kc2 Qxd6 31. Bc4 Qe5 32. Rc1 Rb6 33. Kd1 Rd6+ 34. Ke1 Qh2 35. Qf2 Qh1+ 36. Bf1 Rd5 37. g3 Qf3 38. Qxf3 exf3 39. Bc4 Rd6 40. Rc2 Be5 41. Kf2 Kg7 42. Be7 Rd1 43. Bf1 Rd5 44. Bxc5 Bb8 45. Bd4+ Kf7 46. Rc5 Rd7 47. Bb5 1-0

[Event "Cappelle op"]
[Site "Cappelle la Grande "]
[Date "1996.??.??"]
[Round "2"]
[White "Zagorskis, Darius"]
[Black "Khachian, Melikset"]
[Result "1/2-1/2"]
[WhiteElo "2530"]
[BlackElo "2440"]
[PlyCount "40"]
[EventDate "1996.02.??"]
[Source "ChessBase"]

1. d4 Nf6 2. c4 g6 3. Nc3 d5 4. e3 Bg7 5. Qb3 dxc4 6. Bxc4 O-O 7. Nf3 Nc6 8. Be2 Ne8 9. O-O e5 10. dxe5 Nxe5 11. Rd1 Nd6 12. Nd4 Qh4 13. f3 c5 14. Ndb5 Be6 15. Qc2 Nxb5 16. Nxb5 Qe7 17. Bd2 a6 18. Nc3 Nc4 19. Bxc4 Bxc4 20. Ne4 Bd5 1/2-1/2

[Event "Krakow op-A"]
[Site "?"]
[Date "1999.??.??"]
[Round "?"]
[White "Malaniuk Vladimir P"]
[Black "Cyborowski Lukasz"]
[Result "1/2-1/2"]
[WhiteElo "2552"]
[BlackElo "2415"]
[PlyCount "91"]
[EventDate "1999.??.??"]
[Source "www.chesslib.no"]
[SourceDate "2004.05.04"]

1. d4 Nf6 2. c4 g6 3. Nc3 d5 4. e3 Bg7 5. Qb3 dxc4 6. Bxc4 O-O 7. Nf3 c5 8. Ne5 e6 9. dxc5 Qc7 10. Nd3 Nbd7 11. Nb5 Qc6 12. O-O Ne4 13. Nd4 Qc7 14. Qc2 Ndxc5 15. Nxc5 Nxc5 16. Bd2 Bd7 17. Rac1 Rfc8 18. b4 Na4 19. Qe4 Qb6 20. Bb3 Rd8 21. Qh4 Rac8 22. h3 Nb2 23. Rxc8 Rxc8 24. Qe7 Bf8 25. Qxd7 Rd8 26. Qb5 Qxb5 27. Nxb5 Rxd2 28. Nxa7 Bxb4 29. Nb5 Kg7 30. Nd4 Nd3 31. Nf3 Rb2 32. Bc4 Nc5 33. Rc1 Ne4 34. Bd3 Nc3 35. a3 Ba5 36. Nd4 e5 37. Rc2 Rb1+ 38. Kh2 exd4 39. Rxc3 Rd1 40. Rb3 dxe3 41. fxe3 Bc7+ 42. g3 Rd2+ 43. Kg1 Bxg3 44. Bc4 Rd7 45. Kg2 Bb8 46. e4 1/2-1/2

[Event "Baile Herculane zt"]
[Site "Baile Herculane"]
[Date "1982.??.??"]
[Round "20"]
[White "Farago, Ivan"]
[Black "Jansa, Vlastimil"]
[Result "1/2-1/2"]
[WhiteElo "2485"]
[BlackElo "2475"]
[PlyCount "53"]
[EventDate "1982.01.??"]
[Source "ChessBase"]

1. d4 Nf6 2. c4 g6 3. Nc3 d5 4. e3 Bg7 5. Qb3 e6 6. Qa3 Nc6 7. Nf3 Ne7 8. Qa4+ c6 9. Qc2 O-O 10. Be2 c5 11. dxc5 Qa5 12. b4 Qxb4 13. Rb1 Qa5 14. O-O Nc6 15. Nb5 Ne4 16. Nd2 Nb4 17. Qb3 Nxa2 18. Nxe4 Nxc1 19. Rfxc1 dxe4 20. Rc2 Bd7 21. Ra2 Qd8 22. Rxa7 Rxa7 23. Nxa7 Bc6 24. Nxc6 bxc6 25. Qb7 Qa8 26. Qxa8 Rxa8 27. Rb6 1/2-1/2

[Event "GEO-ch (Women) 59th"]
[Site "?"]
[Date "2002.04.13"]
[Round "4"]
[White "Javakhishvili Lela"]
[Black "Melia Salome"]
[Result "1/2-1/2"]
[WhiteElo "2667"]
[BlackElo "2292"]
[PlyCount "125"]
[EventDate "2002.??.??"]
[Source "www.chesslib.no"]
[SourceDate "2004.05.04"]

1. d4 Nf6 2. c4 g6 3. Nc3 d5 4. e3 Bg7 5. Qb3 e6 6. Qa3 Nc6 7. Nf3 a6 8. Be2 Bd7 9. cxd5 exd5 10. O-O Ne7 11. Na4 Ne4 12. Nc5 Nxc5 13. Qxc5 O-O 14. Bd2 c6 15. Ba5 Qe8 16. Bb4 Bf6 17. Ne5 Qd8 18. Qd6 Bxe5 19. dxe5 Re8 20. Bc3 Be6 21. Qb4 Qc7 22. Rac1 c5 23. Qf4 Nc6 24. Bf3 Qe7 25. Rfd1 Red8 26. b3 Rac8 27. Bb2 b5 28. h4 h5 29. Rd2 c4 30. Rcd1 b4 31. bxc4 dxc4 32. Rd6 c3 33. Bc1 Rd7 34. Bxc6 Rxc6 35. Qxb4 Rc8 36. Ba3 Rb7 37. Qa5 Qc7 38. Qa4 c2 39. Rc1 a5 40. Rd2 Rb1 41. Rdxc2 Qxc2 42. Qxc2 Rxc1+ 43. Qxc1 Rxc1+ 44. Bxc1 Bxa2 45. Ba3 Kg7 46. Be7 a4 47. Kh2 Bc4 48. Kg3 Bd5 49. f3 Bc4 50. Kf2 Bb3 51. e4 Bc4 52. Ke3 Bf1 53. g3 Bh3 54. Ba3 Bd7 55. Kf4 Bb5 56. Bb2 Kh6 57. Ba3 Kg7 58. Kg5 Be2 59. f4 Bd3 60. g4 hxg4 61. Kxg4 Bxe4 62. Kg5 Bf3 63. f5 1/2-1/2

[Event "Kecskemet Szechenyi"]
[Site "Kecskemet"]
[Date "1991.??.??"]
[Round "4"]
[White "Krizsany, Laszlo"]
[Black "Steingrimsson, Hedinn"]
[Result "0-1"]
[WhiteElo "2445"]
[BlackElo "2505"]
[PlyCount "124"]
[EventDate "1991.07.??"]
[Source "ChessBase"]

1. d4 Nf6 2. c4 g6 3. Nc3 d5 4. e3 Bg7 5. Qb3 dxc4 6. Bxc4 O-O 7. Nf3 a6 8. O-O b5 9. Be2 c5 10. dxc5 Nfd7 11. Rd1 Bb7 12. e4 Qc8 13. Nd5 Re8 14. Bg5 Nxc5 15. Qc2 Bxd5 16. Rxd5 Na4 17. Qxc8 Rxc8 18. Bxe7 Nc6 19. Bd6 Bxb2 20. Re1 Nc3 21. Rd3 Nxe4 22. Bd1 Nxd6 23. Rxd6 Bc3 24. Re3 Rd8 25. Rxd8+ Rxd8 26. Bb3 Na5 27. Rxc3 Nxb3 28. Kf1 Nd4 29. Nxd4 Rxd4 30. a3 g5 31. h3 Kg7 32. g4 Rc4 33. Rd3 f6 34. Kg2 Ra4 35. Kg3 Kg6 36. Rf3 h6 37. Re3 h5 38. Kf3 Rf4+ 39. Kg3 h4+ 40. Kg2 Kf7 41. Kg1 Rc4 42. Kg2 Rc6 43. Kf3 Re6 44. Rc3 Ke7 45. Rd3 Rd6 46. Rc3 Re6 47. Rd3 Re1 48. Kg2 Ke6 49. Rd8 Ra1 50. Rd3 Ke5 51. Kf3 Ra2 52. Ke3 Rc2 53. Kf3 Rc4 54. Kg2 Rd4 55. Rf3 Rd6 56. Rc3 Kd4 57. Rc7 Re6 58. Kf3 Kd3 59. Rc5 Rd6 60. Rc8 Rd4 61. Rc6 Rf4+ 62. Kg2 a5 0-1

[Event "ISR-chT"]
[Site "Ramat Aviv"]
[Date "2000.01.21"]
[Round "2"]
[White "Lev, Ronen"]
[Black "Mikhalevski, Victor"]
[Result "0-1"]
[WhiteElo "2448"]
[BlackElo "2499"]
[PlyCount "106"]
[EventDate "2000.01.14"]
[Source "ChessBase"]
[SourceDate "2000.07.27"]

1. d4 Nf6 2. c4 g6 3. Nc3 d5 4. Qa4+ Bd7 5. Qb3 Nc6 6. Nf3 Na5 7. Qb4 Nc6 8. Qb3 Na5 9. Qc2 dxc4 10. e4 Bg7 11. e5 Ng4 12. h3 Nh6 13. Bf4 c5 14. d5 Nf5 15. O-O-O Qb6 16. Qe4 O-O 17. g4 Nd4 18. Nxd4 cxd4 19. Qxd4 Qa6 20. b4 b5 21. Kb2 f6 22. e6 Bxe6 23. dxe6 Nc6 24. Qe3 f5 25. g5 Qa4 26. Bg2 Nxb4 27. Be5 Qc2+ 28. Ka1 f4 29. Qe1 Bxe5 30. Qxe5 f3 31. Bf1 Rad8 32. Rb1 Nc6 33. Qe3 Nd4 34. h4 Nf5 35. Qc1 Qxf2 36. Nxb5 Ng3 37. Bxc4 Nxh1 38. Qxh1 Qc2 39. Qc1 Qxc1 40. Rxc1 Rc8 41. Na3 Rf4 42. Rf1 Rcf8 43. h5 gxh5 44. Rf2 Rg4 45. Bf1 h4 46. Nb1 Rg1 47. Kb2 h3 48. Bxh3 Rb8+ 49. Kc3 Rbxb1 50. Rxf3 Rxg5 51. Kc2 Rb8 52. Rc3 Rf8 53. Re3 h5 0-1

[Event "Barcelona op rap"]
[Site "Barcelona"]
[Date "1996.??.??"]
[Round "?"]
[White "Pomes Marcet, Juan"]
[Black "Djuric, Stefan"]
[Result "0-1"]
[WhiteElo "2420"]
[BlackElo "2515"]
[PlyCount "71"]
[EventDate "1996.??.??"]
[Source "www.chesslib.no"]
[SourceDate "2004.05.04"]

1. d4 Nf6 2. c4 g6 3. Nc3 d5 4. f3 c5 5. dxc5 d4 6. Nb5 Nc6 7. e3 a6 8. Nxd4 Qa5+ 9. Bd2 Qxc5 10. Nb3 Qa7 11. c5 Be6 12. Qc2 Bh6 13. Ne2 Bxb3 14. axb3 Rd8 15. Ra4 O-O 16. Nd4 Nxd4 17. Rxd4 Nd5 18. Rd3 a5 19. Be2 Nb4 20. Bxb4 axb4 21. Kf2 Rxd3 22. Bxd3 Rc8 23. Rc1 e6 24. f4 Bf8 25. Bc4 Bxc5 26. Qe4 b5 27. Bxe6 Bxe3+ 28. Qxe3 Qxe3+ 29. Kxe3 Rxc1 30. Bd5 Kf8 31. Be4 Ke7 32. Bd3 Rc5 33. Be4 Kd6 34. Kd2 Rc7 35. Bf3 Kc5 36. Kd3 0-1

[Event "Tel Aviv ASA"]
[Site "Tel Aviv"]
[Date "1996.??.??"]
[Round "3"]
[White "Kogan, Artur"]
[Black "Zoler, Dan"]
[Result "1-0"]
[WhiteElo "2475"]
[BlackElo "2460"]
[PlyCount "66"]
[EventDate "1996.08.??"]
[Source "ChessBase"]

1. d4 Nf6 2. c4 g6 3. Nc3 d5 4. e3 Bg7 5. Qb3 dxc4 6. Bxc4 O-O 7. Nf3 a6 8. Ne5 e6 9. O-O c5 10. dxc5 Qc7 11. Nd3 Nbd7 12. Bd2 b5 13. Bxb5 Rb8 14. a4 Ng4 15. f4 axb5 16. Nxb5 Qc6 17. Nb4 Qxc5 18. Rfc1 Qh5 19. h3 Ngf6 20. Nc6 Bb7 21. Nxb8 Rxb8 22. Bb4 Ne4 23. Rc2 Bd5 24. Qd3 h6 25. Rac1 Ng3 26. Be1 Be4 27. Qxd7 Ne2+ 28. Rxe2 Qxe2 29. Bf2 Bxb2 30. Rc7 Rf8 31. Nd6 Qd1+ 32. Kh2 Ba8 33. Rc8 Qf1 1-0

[Event "Gausdal"]
[Site "?"]
[Date "1992.??.??"]
[Round "?"]
[White "Bern, I."]
[Black "Khenkin, I."]
[Result "0-1"]
[WhiteElo "2395"]
[BlackElo "2530"]
[PlyCount "64"]
[EventDate "1992.??.??"]
[Source "ChessBase"]
[SourceDate "1992.02.01"]

1. d4 Nf6 2. c4 g6 3. Nc3 d5 4. e3 Bg7 5. b4 O-O 6. Qb3 a5 7. b5 e5 8. dxe5 Ne4 9. Nf3 Nd7 10. Bb2 Nxe5 11. Rd1 Nxf3+ 12. gxf3 Ng5 13. Be2 d4 14. h4 Nxf3+ 15. Bxf3 Qf6 16. Ke2 dxc3 17. Ba1 Bf5 18. Rd4 c5 19. Rf4 Rfe8 20. Bd5 Qe5 21. Kf3 Be6 22. Rc1 a4 23. Qd1 Rad8 24. Kg2 Bxd5+ 25. cxd5 Rxd5 26. Qxa4 Rd4 27. Rxd4 cxd4 28. Qxd4 Qxb5 29. Qg4 h5 30. Qf3 Rc8 31. Qe4 Rc4 32. Qe7 Qd5+ 0-1

[Event "XVIII Open"]
[Site "Pula"]
[Date "2004.06.22"]
[Round "4"]
[White "Cebalo, Miso"]
[Black "Sebenik, Matej"]
[Result "1-0"]
[WhiteElo "2482"]
[BlackElo "2440"]
[PlyCount "147"]
[EventDate "2004.06.19"]
[Source "Roberto Alvarez"]
[SourceDate "2004.06.28"]

1. d4 Nf6 2. c4 g6 3. Nc3 d5 4. h4 c5 5. dxc5 d4 6. Nb5 Nc6 7. e3 e5 8. exd4 Nxd4 9. b4 a5 10. Bg5 Be7 11. Nxd4 exd4 12. b5 h6 13. Bf4 Bxc5 14. Bd3 Bb4+ 15. Kf1 Bg4 16. f3 Be6 17. Ne2 Rc8 18. Rc1 Bd6 19. Qd2 Bb4 20. Qb2 Qe7 21. Qb1 Qc5 22. Kf2 Nh5 23. g4 Nxf4 24. Nxf4 Bd2 25. Nxe6 Qe5 26. Rce1 Be3+ 27. Kg2 Qxe6 28. Be4 Rxc4 29. Bxb7 O-O 30. Qe4 Qxe4 31. Bxe4 Rb4 32. Rb1 Rb8 33. Bd3 Bd2 34. a3 Rxb1 35. Rxb1 Rb6 36. Rb2 Bc1 37. Rb3 Kg7 38. Kf2 Kf6 39. Ke2 Ke5 40. Bc4 f5 41. a4 fxg4 42. fxg4 Kf4 43. h5 g5 44. Kd1 Be3 45. Be2 Ke4 46. Bd3+ Kd5 47. Rb2 Bf4 48. Rc2 Bd6 49. Bg6 Bc5 50. Bf7+ Kd6 51. Rf2 Ke7 52. Rf5 Bb4 53. Bc4 Rf6 54. Rd5 Rd6 55. Re5+ Kd8 56. Ke2 Rf6 57. Kd3 Rf3+ 58. Ke4 Rf4+ 59. Kd5 d3 60. Bxd3 Rxg4 61. Re6 Rg1 62. Rxh6 Rd1 63. Ke4 Kc7 64. Rc6+ Kb7 65. Rg6 Bd2 66. h6 Rh1 67. Kf5 Rh2 68. Be4+ Kc8 69. b6 Rf2+ 70. Ke6 Rf8 71. h7 Re8+ 72. Kf7 Rd8 73. Rg8 Bc3 74. b7+ 1-0

[Event "Decin-A"]
[Site "Decin CZE"]
[Date "1976.??.??"]
[Round "12"]
[White "Minev, Nikolay N"]
[Black "Jansa, Vlastimil"]
[Result "0-1"]
[WhiteElo "2430"]
[BlackElo "2490"]
[PlyCount "212"]
[EventDate "1976.06.??"]
[Source "www.chesslib.no"]
[SourceDate "2004.05.04"]

1. d4 Nf6 2. c4 g6 3. Nc3 d5 4. e3 Bg7 5. b4 O-O 6. Bb2 c6 7. Nf3 Bg4 8. Qb3 Bxf3 9. gxf3 e6 10. Be2 Nbd7 11. cxd5 cxd5 12. O-O Nb6 13. Rfc1 Ne8 14. Na4 Nd6 15. Nxb6 axb6 16. Bd3 Qg5+ 17. Kh1 Qh5 18. Kg2 Qg5+ 19. Kh1 Qh5 20. Kg2 f5 21. f4 g5 22. Qd1 Qxd1 23. Rxd1 gxf4 24. exf4 Rfc8 25. a4 Nc4 26. Bc3 Kf7 27. Kf3 Bf8 28. Rdc1 Bd6 29. Be1 Rc7 30. Bxc4 dxc4 31. b5 Be7 32. Ra2 Bf6 33. Bc3 Rd8 34. a5 Bxd4 35. Bxd4 Rxd4 36. axb6 Rc5 37. Ra7 Rd7 38. Ra4 Rxb5 39. Raxc4 Rxb6 40. R1c2 Rb3+ 41. Kg2 b5 42. Rc6 Kf6 43. f3 Re3 44. Rb6 Rd4 45. Rxb5 Rxf4 46. Rf2 h5 47. Rb8 h4 48. Rh8 Kg7 49. Rb8 Rd4 50. Rb7+ Kg6 51. Rb8 Red3 52. Kh3 Rf4 53. Kg2 Rfd4 54. Kh3 Kg5 55. Rh8 e5 56. Kg2 Rd2 57. f4+ exf4 58. Rg8+ Kf6 59. Rxd2 Rxd2+ 60. Kf3 Rxh2 61. Kxf4 Rf2+ 62. Ke3 Rf1 63. Ke2 Rf4 64. Ke3 Rf1 65. Ke2 Rc1 66. Kf3 h3 67. Rh8 Rc3+ 68. Kf2 Kg5 69. Kg1 Kg4 70. Rg8+ Kf3 71. Rf8 Kg3 72. Rg8+ Kf3 73. Rf8 f4 74. Kh2 Re3 75. Rf7 Re1 76. Ra7 Re8 77. Ra6 Kg4 78. Rg6+ Kf5 79. Ra6 Re3 80. Ra8 Kg4 81. Rg8+ Kf3 82. Rf8 Rd3 83. Rf7 Ke3 84. Ra7 Ke2 85. Ra2+ Ke1 86. Ra1+ Rd1 87. Ra3 Ke2 88. Ra2+ Rd2 89. Ra1 Rd1 90. Ra2+ Kf3 91. Ra8 Rd7 92. Ra6 Re7 93. Ra8 Re3 94. Rf8 Ke4 95. Ra8 Kd3 96. Ra3+ Ke2 97. Ra2+ Kf1 98. Ra1+ Re1 99. Ra6 Re2+ 100. Kh1 Re3 101. Ra1+ Re1 102. Ra3 Kf2+ 103. Kh2 f3 104. Ra2+ Kf1 105. Kxh3 f2 106. Kh2 Rd1 0-1

[Event "Szekszard op"]
[Site "Szekszard"]
[Date "1994.??.??"]
[Round "4"]
[White "Krizsany, Laszlo"]
[Black "Horvath, Jozsef"]
[Result "1/2-1/2"]
[WhiteElo "2395"]
[BlackElo "2520"]
[PlyCount "34"]
[EventDate "1994.??.??"]
[Source "ChessBase"]

1. d4 Nf6 2. c4 g6 3. Nc3 d5 4. e3 Bg7 5. Qb3 dxc4 6. Bxc4 O-O 7. Nf3 a6 8. O-O b5 9. Be2 c5 10. dxc5 Nc6 11. Rd1 Qc7 12. e4 e6 13. a3 Bb7 14. Bg5 Ne5 15. Qb4 Nc6 16. Qb3 Ne5 17. Qb4 Nc6 1/2-1/2

[Event "AZ Sanace Cup"]
[Site "Olomouc"]
[Date "1999.08.15"]
[Round "9"]
[White "Polak, Tomas"]
[Black "Kaufman, Larry C"]
[Result "1-0"]
[WhiteElo "2488"]
[BlackElo "2427"]
[PlyCount "103"]
[EventDate "1999.08.07"]
[Source "ChessBase"]
[SourceDate "1999.09.14"]

1. d4 Nf6 2. c4 g6 3. Nc3 d5 4. Qa4+ Bd7 5. Qb3 dxc4 6. Qxc4 Be6 7. Qb5+ Bd7 8. Qxb7 Bc6 9. Qb3 Qxd4 10. Be3 Qe5 11. Nf3 Qa5 12. Nd4 Bg7 13. Nxc6 Nxc6 14. Qb7 O-O 15. Qxc6 Rab8 16. Qc5 Qxc5 17. Bxc5 Rxb2 18. Rc1 Ng4 19. Ba3 Bxc3+ 20. Rxc3 Rxa2 21. g3 Rb8 22. Bg2 Ne5 23. f4 Rb1+ 24. Bc1 Nd3+ 25. Rxd3 Rxc1+ 26. Kf2 Rcc2 27. Bf3 a5 28. Rb1 e6 29. Rb7 Rc5 30. Rbb3 Rac2 31. Ra3 Kg7 32. Rdb3 h5 33. Be4 R2c4 34. Bd3 Rc1 35. h4 e5 36. e3 exf4 37. exf4 Rd5 38. Rc3 Rd1 39. Be2 R1d2 40. Rxc7 Rb2 41. Ke3 Rf5 42. Ra7 Rc5 43. Kf2 Rcc2 44. Re3 Ra2 45. Kf3 a4 46. Bb5 Rf2+ 47. Ke4 Rab2 48. Bc4 Rb4 49. Rxf7+ Kh6 50. Rc7 Rc2 51. Kd3 Rc1 52. Ree7 1-0

[Event "Berliner Sommer"]
[Site "Berlin"]
[Date "1995.??.??"]
[Round "8"]
[White "Zagorskis, Darius"]
[Black "Lagunow, Alexander"]
[Result "1-0"]
[WhiteElo "2520"]
[BlackElo "2395"]
[PlyCount "159"]
[EventDate "1995.08.??"]
[Source "ChessBase"]

1. d4 Nf6 2. c4 g6 3. Nc3 d5 4. e3 Bg7 5. Qb3 dxc4 6. Bxc4 O-O 7. Nf3 Nc6 8. Be2 Nd7 9. O-O Nb6 10. Rd1 a5 11. h3 a4 12. Qc2 Nb4 13. Qb1 c5 14. dxc5 Nd7 15. Ne4 Qc7 16. Bd2 Na6 17. Bxa6 Rxa6 18. Bb4 Re8 19. a3 f5 20. Qa2+ Kh8 21. Neg5 h6 22. Ne6 Qc6 23. Nxg7 Kxg7 24. Rac1 Nf6 25. Qc4 Be6 26. Qf4 Bb3 27. Rd2 Ne4 28. Qe5+ Kf7 29. Rd3 Qb5 30. Qd4 Re6 31. Qd7 Qa6 32. h4 Bc4 33. Rd4 Bb3 34. Rd3 Bc4 35. Rd4 Bb3 36. Re1 Nf6 37. Qc7 Ng4 38. Rd7 Nf6 39. Qxb7 Nxd7 40. Qxd7 Qc8 41. Qxc8 Rxc8 42. Nd4 Rd8 43. Nxe6 Kxe6 44. e4 Rd1 45. exf5+ Kxf5 46. Rxd1 Bxd1 47. Bd2 h5 48. c6 Ke6 49. c7 Kd7 50. Bf4 Be2 51. f3 Ba6 52. Kf2 Ke6 53. Ke3 Kd5 54. Bh2 e5 55. Kd2 Kd4 56. Bg1+ Kc4 57. Be3 Bc8 58. Bg5 Bd7 59. Bf6 Kd5 60. Kc3 Kd6 61. Bd8 Kc5 62. Be7+ Kc6 63. c8=Q+ Bxc8 64. Kb4 Ba6 65. Kxa4 Bf1 66. g3 Be2 67. b4 Kb6 68. Bd8+ Ka6 69. Kb3 Bd1+ 70. Kc4 Ba4 71. Kc5 Bd1 72. Bc7 Bxf3 73. b5+ Kb7 74. Bxe5 Bd1 75. Kb4 Kb6 76. a4 Bf3 77. a5+ Kb7 78. a6+ Kb6 79. Bd4+ Kc7 80. b6+ 1-0

[Event "Berliner Sommer"]
[Site "Berlin GER"]
[Date "1994.??.??"]
[Round "?"]
[White "Zagorskis, Darius"]
[Black "Mikhalevski, Victor"]
[Result "1/2-1/2"]
[WhiteElo "2450"]
[BlackElo "2460"]
[PlyCount "58"]
[EventDate "1994.08.??"]
[Source "www.chesslib.no"]
[SourceDate "2004.05.04"]

1. d4 Nf6 2. c4 g6 3. Nc3 d5 4. e3 Bg7 5. Qb3 e6 6. Qa3 b6 7. Nf3 Bb7 8. Bd2 Nbd7 9. cxd5 Nxd5 10. Rc1 a6 11. Be2 c5 12. dxc5 Nxc5 13. O-O O-O 14. Rfd1 Qe7 15. Nxd5 Bxd5 16. Bb4 Rfc8 17. Bxc5 bxc5 18. b3 a5 19. Ne1 a4 20. bxa4 Qa7 21. Bc4 Bc6 22. Nd3 Bxa4 23. Bb3 c4 24. Qxa4 Qxa4 25. Bxa4 Rxa4 26. Rc2 Rca8 27. Nc5 Rxa2 28. Rxc4 Ra1 29. Rcc1 Rxc1 1/2-1/2

[Event "Madras"]
[Site "?"]
[Date "1994.??.??"]
[Round "?"]
[White "Crouch, C."]
[Black "Conquest, S."]
[Result "0-1"]
[WhiteElo "2410"]
[BlackElo "2495"]
[PlyCount "64"]
[EventDate "1994.??.??"]
[Source "ChessBase"]
[SourceDate "1994.02.01"]

1. d4 Nf6 2. c4 g6 3. Nc3 d5 4. f3 c5 5. dxc5 d4 6. Nb5 e5 7. Bg5 Bg7 8. Nd6+ Kf8 9. e3 Nc6 10. exd4 Nxd4 11. a3 h6 12. Be3 b6 13. Nxc8 bxc5 14. Nxa7 Rxa7 15. Ne2 Kg8 16. Nxd4 exd4 17. Bf2 Kh7 18. Bd3 Re8+ 19. Kf1 Nd7 20. b4 Qa8 21. Be4 Qc8 22. b5 Nb6 23. Bc6 Ree7 24. Qd3 Ra4 25. Rc1 Rea7 26. g4 Rxa3 27. Qe4 Ra2 28. Kg2 f5 29. gxf5 gxf5 30. Qf4 Bf6 31. h4 Rg7+ 32. Kf1 Qe6 0-1

[Event "3eme Open International de La Fere"]
[Site "Paris"]
[Date "2004.??.??"]
[Round "8.3"]
[White "Gozzoli, Yannick"]
[Black "Van der Weide, Karel"]
[Result "1/2-1/2"]
[WhiteElo "2429"]
[BlackElo "2471"]
[PlyCount "81"]
[EventDate "2004.07.03"]
[Source "Roberto Alvarez"]
[SourceDate "2004.07.12"]

1. d4 Nf6 2. c4 g6 3. Nc3 d5 4. h4 c5 5. dxc5 d4 6. Nb5 Nc6 7. e3 e5 8. exd4 Nxd4 9. Nxd4 exd4 10. Bd3 Bg7 11. Bf4 O-O 12. Nf3 Re8+ 13. Kf1 Bg4 14. Qc2 Nh5 15. Bd6 Bxf3 16. gxf3 Be5 17. Rd1 Bxd6 18. cxd6 Qxd6 19. Be4 Nf4 20. Qd2 Rad8 21. Rg1 f5 22. Bd5+ Nxd5 23. cxd5 Qxd5 24. h5 Rd6 25. hxg6 Qc4+ 26. Kg2 Rxg6+ 27. Kh1 Kf7 28. Qf4 Qe6 29. Rxg6 Qxg6 30. Qc7+ Re7 31. Qc4+ Kf8 32. Qc8+ Kf7 33. Qc4+ Qe6 34. Qxd4 Qh6+ 35. Kg2 Qg7+ 36. Qxg7+ Kxg7 37. Kg3 Kf6 38. Kf4 Re2 39. Rd6+ Ke7 40. Rh6 Rxb2 41. Kxf5 1/2-1/2